Catálogo de la colección cervantina Sedó (Record no. 121739)

MARC details
000 -LEADER
campo de control de longitud fija 00672nam a2200181 i 4500
001 - NÚMERO DE CONTROL
campo de control 121739
003 - IDENTIFICADOR DE NÚMERO DE CONTROL
campo de control ES-MaACL
005 - FECHA Y HORA DE LA ÚLTIMA TRANSACCIÓN
campo de control 20230906191819.0
007 - CAMPO FIJO DE DESCRIPCIÓN FÍSICA--INFORMACIÓN GENERAL
campo de control de longitud fija t|
008 - DATOS DE LONGITUD FIJA--INFORMACIÓN GENERAL
campo de control de longitud fija 070214s1955 sp r ||||1| spa d
100 1# - ENTRADA PRINCIPAL--NOMBRE DE PERSONA
Nombre de persona Plaza Escudero, Luis María.
9 (RLIN) 92629
245 10 - MENCIÓN DEL TÍTULO
Título Catálogo de la colección cervantina Sedó
Resto del título : guía del lector, resumen estadístico de las ediciones del Quijote, adiciones últimas /
Mención de responsabilidad, etc. Luis María Plaza.
260 ## - PUBLICACIÓN, DISTRIBUCIÓN, ETC.
Lugar de publicación, distribución, etc. Barcelona :
Nombre del editor, distribuidor, etc. José Porter,
Fecha de publicación, distribución, etc. 1955.
300 ## - DESCRIPCIÓN FÍSICA
Extensión 4 h. ;
Dimensiones 25 cm.
600 14 - PUNTO DE ACCESO ADICIONAL DE MATERIA--NOMBRE DE PERSONA
Nombre de persona Cervantes Saavedra, Miguel de,
Fechas asociadas al nombre 1547-1616.
Título de la obra Don Quijote de la Mancha
9 (RLIN) 37612
852 ## - LOCALIZACIÓN
Ubicación ES-MaACL
Número de control de estantería 2049-F-29
Sublocalización o colección R.56175
Holdings
Estatus retirado Estado de pérdida Estado de daño No para préstamo Colección Biblioteca de origen Biblioteca actual Ubicación en estantería Fecha de adquisición Fuente de adquisición Total de préstamos Signatura topográfica completa Código de barras Visto por última vez Precio de reemplazo Tipo de ítem Koha
        Colección de folletos Biblioteca del Ateneo de Madrid Biblioteca del Ateneo de Madrid Depósito folletos 17/01/2008     2049-F-29 1126865 23/02/2023 23/02/2023 Folleto